| 000 | 01276naa a22003497a 4500 | ||
|---|---|---|---|
| 001 | BR7903765 | ||
| 003 | BR-BrBNA | ||
| 005 | 20240918174417.0 | ||
| 007 | ta | ||
| 008 | 230509b bl.||||| |||| 00| 0 por d | ||
| 040 |
_aBR-BrBNA _bpor _cBiblioteca Nacional de Agricultura |
||
| 041 | _a(Pt) | ||
| 072 |
_aS00; S10 _b0336 _b9410 _b9990 _bG514 |
||
| 090 | _aS00 BR7903765 | ||
| 100 | 1 | _aSales, A.M. | |
| 100 | 1 | _aTravaglini, D.A. | |
| 100 | 1 | _aTravaglini, M.M.E. | |
| 100 | 1 | _aCosta, S.I. da | |
| 100 | 1 | _aFerreira, V.L.P. | |
| 111 | 1 |
_a1. Seminario Nacional de Pesquisa de Soja _cLondrina, PR (Brazil) _d24 Sep 1978 |
|
| 245 | 1 | _aDesenvolvimento de formula para alimentacao infantil a base de soja e leite de vaca [farinha, composicao de alimento, Glycine max, Brasil] | |
| 260 | 3 |
_aLondrina, PR (Brasil): _c1979. |
|
| 500 | _aAnais do 1. Seminario Nacional de Pesquisa de Soja Londrina, PR (Brasil): 1979. p. 245-253 (BR7903765-AM)S00 | ||
| 650 | _aNUTRICAO HUMANA | ||
| 650 | _aCOMPOSICAO DE ALIMENTO | ||
| 650 | _aSOJA | ||
| 650 | _aLEITE | ||
| 650 | _aFARINHA | ||
| 773 | 0 |
_tAnais do 1. Seminario Nacional de Pesquisa de Soja _b _wS00 BR7903765 _gLondrina, PR (Brasil), 1979. p. 245-253 |
|
| 909 |
_a202404 _bLucia _c55 _dLucia Elande |
||
| 942 |
_cAM _2AGRIS |
||
| 999 |
_c311055 _d311055 |
||